000 00504nam a22001097a 4500
999 _c23727
_d23727
003 NUST
005 20170608121959.0
008 140102b xxu||||| |||| 00| 0 eng d
020 _a9780471134039
_cAvailable
040 _aDLC
_bDLC
_cRCMS
082 _a003.83 BAN
_b000619
100 _aEdited byJerry Banks
_92284
245 _aHandbook of Simulation :Principles,Methodology,Advances,Applications,and Practice
_cBanks Jerry
260 _aCanada
_bJohn Wiley & Sons
_cc.1998
300 _axii,849,p:
_bill:
_c24,cm.
440 _a"A Wiley - Interscience publication."
_92285
504 _aincludes index.
538 _iShelf No 1 Row No 4
650 _a1. Simulation methods ------ Handbooks,manuals,etc.2. Discrete - time systems -------- Handbooks manuals,etc.
_92286
856 _3Table of Content Only
942 _2ddc
_cBK